000 01164nam a2200229Ia 4500
001 9311
003 GE_BSU
008 181216s||||||||xx |||||||||||||| ||und||
040 _cGE_BSU
080 _a821.353.1-32
100 _aლორთქიფანიძე,ნიკო
245 _aთხზულებანი:ოთხ ტომად.ტ.1
245 _bტ.1:მოთხრობები,1905-1913
245 _cბ.ჟღენტის შესავალი წერილით;სარედ.კოლეგია:გ.გვერდწითელი,მერაბ ლორთქიფანიძე, გივი მიქაძე და სხვ.ტომი გამოსაც.მოამზადა სოლომონ ყუბანეიშვილმა;ტომის რედ:გ.გვერდწითელი
260 _aთბილისი.
260 _bსაბჭ.საქართველო
260 _c1973
300 _a515გვ;21სმ
300 _b1ფ.პორტრ.
653 _aთხზულებანი:ტ.1:მოთხრობები,1905-1913
942 _cBK
999 _c42608
_d42608